000 00736nam a2200217Ii 4500
003 JO-AjNU
008 230605s9999||||xx |||||||||||||| ||und||
017 _a2011/1692
020 _a978-977-438-208-6
040 _aJO-AjNU
_bara
_erda
_cJO-AjNU
041 _aara
050 1 4 _aKMM99.4.2012
100 3 _a المضحكى، حنان ريحان مبارك ,
_eauthor
_943861
245 0 0 _aالحماية الحنائية لبطاقات الإئتمان الممغنطة " دراسة مقارنة "
250 _a(د،ط)
264 3 1 _aد ، م : المكتب الجامعي الحديث ، 2012
300 _a228ص
336 _atext
_btxt
_2rdacontent
337 _aunmediated
_bn
_2rdamedia
338 _avolume
_bnc
_2rdacarrier
999 _aA18888
_c22456
_d22456